Die größten deutschen Sportverbände - Statistiken

Allgemein
  • Dieses Quiz wurde 50 mal gespielt
  • Das Durchschnittsergebnis liegt bei 8 aus 15
Antwortstatistiken
Mitglieder Stand 2025 Antwort % Korrekt
8.000.000 Deutscher Fußball-Bund
100%
790.000 Deutscher Handball-Bund
90%
1.500.000 Deutscher Tennis Bund
76%
800.000 Deutscher Leichtathletik-Verband
67%
5.300.000 Deutscher Turner-Bund
65%
460.000 Deutscher Volleyballverband
65%
550.000 Deutscher Tischtennis-Bund
61%
600.000 Deutscher Schwimm-Verband
59%
520.000 Deutscher Skiverband
55%
1.350.000 Deutscher Schützenbund
37%
690.000 Deutscher Golf Verband
33%
660.000 Deutsche Reiterliche Vereinigung
24%
1.500.000 Deutscher Alpenverein
22%
510.000 Deutscher Behindertensportverband
8%
630.000 DLRG (Deutsche Lebens-Rettungs-Gesellschaft)
6%
Keine übereinstimmenden Quizze gefunden
Verteilung der Resultate
Anzahl Personen mit jedem Resultat
Perzentil nach korrekt beantworteten Fragen
Ihre Resultats-Entwicklung
Sie haben dieses Quiz noch nicht gespielt